| 000 | 00474nam a2200157 a 4500 | ||
|---|---|---|---|
| 001 | 3725 | ||
| 003 | CDMR | ||
| 005 | 20131002125109.0 | ||
| 008 | 130130s1970||||||||||||||||||||||||||||d | ||
| 040 |
_aCDMR _bcat _cCDMR |
||
| 100 | 1 |
_aGattegno, Caleb _92651 |
|
| 245 | 1 | 0 |
_aVers une culture visuelle _b: la télévision au service de l'éducation _cCaleb Gattegno |
| 260 |
_aNeuchâtel _c1970 _bDelachaux et Niestlé |
||
| 650 | 0 | 4 |
_92782 _aTelevisió en l'ensenyament |
| 942 |
_cMON _2udc |
||
| 999 |
_c3725 _d3725 |
||